Kody FIFA - Statystyki

Ogólne statystyki
  • Ten quiz został rozwiązany 24 razy
    20 od ostatniego zresetowania
  • Średni wynik to 89 z 211
Statystyki odpowiedzi
Hint Odpowiedź % Poprawnych
Afganistan AFG
100%
Albania ALB
100%
Algieria ALG
100%
Andora AND
100%
Angola ANG
90%
Anglia ENG
80%
Argentyna ARG
70%
Armenia ARM
70%
Aruba ARU
70%
Australia AUS
70%
Austria AUT
70%
Azerbejdżan AZE
70%
Bahamy BAH
70%
Bangladesz BAN
70%
Belgia BEL
70%
Benin BEN
70%
Bermudy BER
70%
Bhutan BHU
70%
Boliwia BOL
70%
Botswana BOT
70%
Brazylia BRA
70%
Brunei BRU
70%
Bułgaria BUL
70%
Chile CHI
70%
Curaçao CRC
70%
Chorwacja CRO
70%
Cypr CYP
70%
Dania DEN
70%
Dominikana DOM
70%
Bahrajn BHR
60%
Bośnia i Hercegowina BIH
60%
Białoruś BLR
60%
Belize BLZ
60%
Barbados BRB
60%
Burundi BUR
60%
Kanada CAN
60%
Chiny CHN
60%
Kamerun CMR
60%
Kolumbia COL
60%
Komory COM
60%
Kuba CUB
60%
Czechy CZE
60%
Egipt EGY
60%
Hiszpania ESP
60%
Estonia EST
60%
Finlandia FIN
60%
Francja FRA
60%
Gabon GAB
60%
Gambia GAM
60%
Gruzja GEO
60%
Ghana GHA
60%
Gibraltar GIB
60%
Grecja GRE
60%
Haiti HAI
60%
Honduras HON
60%
Indie IND
60%
Irlandia IRL
60%
Iran IRN
60%
Islandia ISL
60%
Jamajka JAM
60%
Jordania JOR
60%
Japonia JPN
60%
Kazachstan KAZ
60%
Kenia KEN
60%
Kosowo KOS
60%
Kuwejt KUW
60%
Laos LAO
60%
Lesotho LES
60%
Liban LIB
60%
Liechtenstein LIE
60%
Holandia NED
60%
Filipiny PHI
60%
Antigua i Barbuada AIB
50%
Burkina Faso BFA
50%
Kambodża CAM
50%
Czad CHA
50%
Kongo CNG
50%
Etiopia ETH
50%
Grenada GRN
50%
Gwatemala GUA
50%
Guam GUM
50%
Irak IRQ
50%
Izrael ISR
50%
Luksemburg LUX
50%
Maroko MAR
50%
Malta MLT
50%
Irlandia Północna NIR
50%
Katar QAT
50%
Ekwador ECU
40%
Fidżi FIJ
40%
Niemcy GER
40%
Hongkong HNG
40%
Liberia LBR
40%
Madagaskar MAD
40%
Meksyk MEX
40%
Mali MLI
40%
Namibia NAM
40%
Nepal NEP
40%
Niger NIG
40%
Norwegia NOR
40%
Nowa Zelandia NZL
40%
Oman OMA
40%
Pakistan PAK
40%
Panama PAN
40%
Paragwaj PAR
40%
Peru PER
40%
Papua- Nowa Gwinea PNG
40%
Polska POL
40%
Portugalia POR
40%
Republika Południowej Afryki RPA
40%
Rosja RUS
40%
Rwanda RWA
40%
Samoa SAM
40%
Szkocja SCO
40%
Senegal SEN
40%
Singapur SIN
40%
Saint Kitts i Nevis SKN
40%
Somalia SOM
40%
Sudan SUD
40%
Surinam SUR
40%
Saint Vincent i Grenadyny SVG
40%
Szwecja SWE
40%
Syria SYR
40%
Tanzania TAN
40%
Togo TOG
40%
Tunezja TUN
40%
Turcja TUR
40%
Uganda UGA
40%
Ukraina UKR
40%
Urugwaj URU
40%
Stany Zjednoczone Ameryki USA
40%
Uzbekistan UZB
40%
Vanuatu VAN
40%
Walia WAL
40%
Jemen YEM
40%
Anguilla ANL
30%
Demokratyczna Republika Konga DRC
30%
Erytrea ERI
30%
Gwinea Bissau GUB
30%
Gwinea GUI
30%
Węgry HUN
30%
Indonezja IDN
30%
Włochy ITA
30%
Korea Południowa KOR
30%
Arabia Saudyjska KSA
30%
Litwa LTU
30%
Łotwa LVA
30%
Makau MAC
30%
Mozambik MOZ
30%
Korea Północna NKR
30%
Sierra Leone SLE
30%
San Marino SMR
30%
Serbia SRB
30%
Sri Lanka SRI
30%
Saint Lucia STL
30%
Szwajcaria SUI
30%
Tahiti TAH
30%
Trynidad i Tobago TIT
30%
Zambia ZAM
30%
Zimbabwe ZIM
30%
Republika Zielonego Przylądka CPV
20%
Dżibuti DJI
20%
Dominika DMA
20%
Gujana GUY
20%
Malezja MAS
20%
Mołdawia MDA
20%
Malediwy MDV
20%
Macedonia Północna MKD
20%
Mongolia MNG
20%
Mjanma MYA
20%
Nikaragua NCA
20%
Nowa Kaledonia NCL
20%
Nigeria NGA
20%
Palestyna PLE
20%
Sudan Południowy SSD
20%
Słowacja SVK
20%
Słowenia SVN
20%
Tonga TGA
20%
Tajlandia THA
20%
Turkmenistan TKM
20%
Wenezuela VEN
20%
Samoa Amerykańskie ASA
10%
Kajmany CAY
10%
Wybrzeże Kości Słoniowej CIV
10%
Wyspy Cooka COK
10%
Kostaryka COR
10%
Republika Środkowoafrykańska CTA
10%
Gwinea Równikowa EQG
10%
Wyspy Owcze FRI
10%
Kirgistan KGZ
10%
Libia LBY
10%
Czarnogóra MNE
10%
Mauritius MRU
10%
Montserrat MSR
10%
Mauretania MTN
10%
Malawi MWI
10%
Portoryko PUR
10%
Rumunia ROU
10%
Seszele SEY
10%
Salwador SLV
10%
Wyspy Salomona SOL
10%
Wyspy Świętego Tomasza i Książęca STP
10%
Eswatini SWZ
10%
Turks i Caicos TCA
10%
Tadżykistan TJK
10%
Timor Wschodni TLS
10%
Tajwan (Chińskie Tajpej) TPE
10%
Zjednoczone Emiraty Arabskie UAE
10%
Brytyjskie Wyspy Dziewicze VGB
10%
Wietnam VIE
10%
Wyspy Dziewicze Stanów Zjednoczonych VIR
0%
Nie znaleziono quizów pasujących do podanych kryteriów
Rozkład punktacji
Procent ludzi z każdym wynikiem
Percentyl według liczby udzielonych odpowiedzi
Twoja historia wyników
Nie rozwiązałeś tego quizu od ostatniego zresetowania